000 00551nam a2200193Ia 4500
003 IN-BaIIA
008 211028s9999 xx 000 0 eng d
020 _a0542-5778
040 _cIIA Library
080 _aGEN MAT
100 _aMathew, K. M.
_911209
245 0 _aManorama year book 1989
_cK. M. Mathew
260 _aKerala
_bEducational Supplies
_c1989
300 _a701p.
650 _aGeneral
_99574
650 _aNASA Thesaurus
650 _aYearbooks
_94151
942 _cBK
999 _c9580
_d9580